Statystyki dla Nazwij wszystkie państwa, które... #4

Kliknij tutaj aby rozwiązać quiz!

Ogólne statystyki

  • Ten quiz został rozwiązany 129 razy
  • Średni wynik to 19 z 29

Statystyki odpowiedzi

KategoriaPaństwo% Poprawnych
Gdzie albański jest językiem urzędowymAlbania
96%
Polska
90%
Mali
83%
Niemcy
83%
Kosowo
80%
Macedonia Północna
78%
Niger
76%
Rosja
73%
Mauretania
72%
Senegal
72%
Będący w top 4 państw wysuniętych
najbardziej na północ w Oceanii
Wyspy Marshalla
72%
Brazylia
70%
Palau
70%
Mikronezja
68%
Gambia
67%
Które należało do Prus w roku 1870Litwa
67%
Które należało do Imperium MaliBurkina Faso
66%
Gwinea
66%
Chiny
64%
Chiny
64%
Kiribati
63%
Wybrzeże
>Kości Słoniowej
62%
Indonezja
58%
Malezja
54%
Które jest w top 5 pod
względem produkcji bananów
Indie
53%
Filipiny
51%
Tajwan
47%
Który toczy spór o Wyspy SpartlyBrunei
33%
Ekwador
33%

Rozkład punktacji

Percentyl według liczby udzielonych odpowiedzi

Procent ludzi z każdym wynikiem

Twoja historia wyników

Nie rozwiązałeś tego quizu